00450nam a2200157Ia 4500003000400000005001700004008004100021020001400062040002900076050002500105100001800130245007400148260002300222300002700245650002000272OSt20240129091908.0221021s9999||||xx |||||||||||||| ||und|| a333493117 cChuka University Library aHC 435.2 b.T45 1989 aThirlwall,A.P 0aGrowth and development:with special reference to developing economies aLondonbELBSc1989 a435 P.bIncludes Index aEconomic Growth